RU 486 (Record no. 676449)
[ view plain ]
| 000 -CABECERA | |
|---|---|
| Campo de control de longitud fija | 00559nab a2200169Ia 4500 |
| 003 - IDENTIFICADOR DEL NÚMERO DE CONTROL | |
| Campo de control | ES-SlBCS |
| 005 - FECHA Y HORA DE LA ÚLTIMA TRANSACCIÓN | |
| Campo de control | 20210601142417.0 |
| 008 - CÓDIGOS DE INFORMACIÓN DE LONGITUD FIJA | |
| Campo de control de longitud fija | 140529s1990 xxu||||| |||| 00| 0 spa d |
| 041 ## - CÓDIGO DE LENGUA | |
| Código de lengua del texto/banda sonora o título independiente | spa |
| 100 1# - PUNTO DE ACCESO PRINCIPAL-NOMBRE DE PERSONA | |
| Nombre de persona | Ulmann, André |
| 9 (RLIN) | 269933 |
| 245 00 - MENCIÓN DE TÍTULO | |
| Título | RU 486 |
| Mención de responsabilidad, etc. | André Ulmann, Georges Teutsch, Daniel Philibert |
| 650 04 - PUNTO DE ACCESO ADICIONAL DE MATERIA-TÉRMINO DE MATERIA | |
| Término de materia o nombre geográfico como elemento inicial | Medicina-Farmacología |
| 9 (RLIN) | 269577 |
| 700 1# - PUNTO DE ACCESO ADICIONAL-NOMBRE DE PERSONA | |
| Nombre de persona | Philibert, Daniel |
| 9 (RLIN) | 269934 |
| 700 1# - PUNTO DE ACCESO ADICIONAL-NOMBRE DE PERSONA | |
| Nombre de persona | Teutsch, Georges |
| 9 (RLIN) | 269935 |
| 773 0# - ENLACE AL DOCUMENTO FUENTE | |
| Título | Investigacion y Ciencia (Traducción de: Scientific American) |
| Parte(s) relacionada(s) | nº. 167, 1990, págs. 12-18 |
| Número de control del registro relacionado | Rev1650 |
| 942 ## - ENTRADA DE ELEMENTOS AGREGADOS (KOHA) | |
| Koha [por defecto] tipo de item | Artículos de revista |
| Suprimido | Perdido | Estropeado | No para préstamo | Localización permanente | Localización actual | Localización en estantería | Fecha adquisición | Préstamos totales | Fecha última consulta | Fecha del precio de reemplazo | Tipo de item de Koha |
|---|---|---|---|---|---|---|---|---|---|---|---|
| San Esteban | San Esteban | Depósito de revistas | 11/07/2014 | 11/07/2014 | 11/07/2014 | Artículos de revista |
